International Journal of Urban and Regional Research
Na minha lista:
| Formato: | Periódico |
|---|---|
| Publicado em: |
Hoboken
Wiley/Blackwell
|
| Tags: |
Sem tags, seja o primeiro a adicionar uma tag!
|
MARC
| LEADER | 00000nas1a2200000 4500 | ||
|---|---|---|---|
| 001 | 0269938 | ||
| 005 | 20250701092104.0 | ||
| 022 | |a 1468-2427 | ||
| 022 | |a 0309-1317 | ||
| 044 | |a GB | ||
| 245 | 1 | 0 | |a International Journal of Urban and Regional Research |
| 264 | 1 | |a Hoboken |b Wiley/Blackwell | |